000 00757cam a2200205 a 4500
999 _c57373
_d57373
001 15757756
005 20220928110929.0
008 090601s2010 nyua b 001 0 eng
020 _a9781607415916
080 _a515.1 K - 65
100 1 _aKokilashvili, V. M.
_q
_98354
245 1 0 _aWeighted norm inequalities for integral transforms with product kernals /
_cVakhtang Kokilashvili, Alexander Meskhi and Lars-Erik Persson.
264 _aNew York :
_bNova Science Publishers,
_c2010.
300 _a342 p. :
_bill. ;
_c26 cm.
653 _aინტეგრალური გარდაქმნები
653 _aტოპოლოგია
700 1 _aMeskhi, Alexander.
_98357
700 1 _aPersson, Lars Erik,
_d
_98358
942 _2udc
_cBK